| 000 | 00562nam a2200181Ia 4500 | ||
|---|---|---|---|
| 999 |
_c27421 _d27421 |
||
| 003 | OSt | ||
| 005 | 20201211143755.0 | ||
| 008 | 190216s9999||||xx |||||||||||||| ||und|| | ||
| 020 | _a8171803938 | ||
| 040 | _coclc | ||
| 082 |
_a894.8124 _bNAR/S |
||
| 100 |
_aNarayanapanikker, Kavalam _97138 |
||
| 245 | 0 |
_aSmruthileka Sardar Panikkerkku Kittiya Kathukal / _cKavalam Narayanapanikker |
|
| 260 |
_bPoorna Publications, _a Kozhikode: _c1994. |
||
| 300 | _a150p | ||
| 650 | _aLekhanam | ||
| 942 |
_cBK _2ddc _h894.8124 _iNAR/S _k894.8124 _mNAR/S |
||